Aortic valve area planimetry using dual source MDCT with comparison made with transthoracic echocardiogram /
محفوظ في:
| المؤلف الرئيسي: | |
|---|---|
| التنسيق: | أطروحة كتاب |
| اللغة: | English |
| منشور في: |
2011.
|
| الموضوعات: | |
| الوسوم: |
إضافة وسم
لا توجد وسوم, كن أول من يضع وسما على هذه التسجيلة!
|
| LEADER | 01055cam a2200265 a 4500 | ||
|---|---|---|---|
| 001 | u840512 | ||
| 003 | SIRSI | ||
| 005 | 201110110903 | ||
| 008 | 111011n2011 my a t 00 0 eng m | ||
| 040 | |a UMP | ||
| 043 | |a a-my--- | ||
| 096 | |a WN100 |b UM 2011 Phu | ||
| 100 | 1 | |a Phuah, Hooi Fang. | |
| 245 | 1 | 0 | |a Aortic valve area planimetry using dual source MDCT with comparison made with transthoracic echocardiogram / |c Phuah Hooi Fang. |
| 260 | |c 2011. | ||
| 300 | |a x, 80 leaves : |b ill. (chiefly col.) ; |c 30 cm. | ||
| 502 | |a Dissertation (M.Rad.) -- Departemnt of Biomedical Imaging, Faculty of Medicine, University of Malaya, 2011. | ||
| 504 | |a Bibliography: Leaves 66-74. | ||
| 650 | 1 | 2 | |a Aortic Valve Insufficiency |x diagnosis |z Malaysia. |
| 650 | 2 | 2 | |a Echocardiography |x methods |z Malaysia. |
| 650 | 2 | 2 | |a Heart Diseases |x diagnosis |z Malaysia. |
| 710 | 2 | 0 | |a Universiti Malaya. |b Jabatan Pengimejan Bioperubatan. |
| 900 | |a RAH | ||
| 596 | |a 2 | ||
| 999 | |a WN100 UM 2011 PHU |w NLM |c 1 |i A514787294 |d 24/10/2011 |f 24/10/2011 |g 1 |l TESIS |m P02MEDKL |r Y |s Y |t TESIS |u 24/10/2011 | ||
